01103na a2200289 450000100060000000300080000600500170001400800410003102000150007204000250008704100080011208200190012009000180013910000220015724501250017924600520030426000650035630000190042144000150044050001090045565000370056470000300060174000520063194200130068395201000069699900170079623628MIRAKIL20181213155322.0180109b tu 000 0  a9753637764 aMilasbturcTR-AnCHP atur a320bB65g 1997 a320 B65g 1997 aBonıface, Pascal aGüçsüzlük isteğibUluslararası ve stratejik tutkuların sonu mu?cPascal Boniface; çeviren Alp Tümertekin aUluslararası ve stratejik tutkuların sonu mu? aİstanbulbYapı Kredi Yayınlarıc1997fŞefik Matbaası a186 s.c21 sm. aCogitov65 aÖzgün yapıt adı : La volonte D'İmpuissance La fin des ambitions internationales et strategiques? aDünya politikalarıxDenemeler aTümertekin, Alpeçev. aUluslararası ve stratejik tutkuların sonu mu? 2dcccBKS a0001b0001d2017-11-14e2l0o320 B65g 1997p017615r2017-11-14 00:00:00v0.00w2017-11-14yBKS c10447d10447